| 000 | 00850nam a2200301Ia 4500 | ||
|---|---|---|---|
| 001 | 79048 | ||
| 003 | IT-RoPAU | ||
| 008 | 130308s9999 xx 000 0 und d | ||
| 040 | _aIT-RoPAU | ||
| 040 | _cIT-RoPAU | ||
| 041 | _aITALIANO | ||
| 100 | _aArena Mauro | ||
| 100 | _gCodice Aut. SPICS: 27290 | ||
| 245 | _aContributo dell'insegnante (Il), una battaglia necessaria ma possibile ? | ||
| 245 | _bScuola, Educazione e Mentalita' Massmediale | ||
| 250 | _a1a ed. | ||
| 260 | _aROMA | ||
| 260 | _bEdav | ||
| 260 | _c1989 [1° Ed.:1989 - Ed.Ling.Originale:1988] | ||
| 300 | _a"12 p. (prefazione: no ; testo: 12 [pagine: 23-34])" | ||
| 500 | _aInfluenza dei Media intervento della Scuola | ||
| 650 | _aDIDATTICA AUDIOVISIVA | ||
| 650 | _eCodice materia Spics: 4002 | ||
| 942 | _cBK | ||
| 957 | _71 | ||
| 999 |
_c45904 _d45904 |
||
| 999 | _bSI | ||
| 999 | _g1 | ||